1330 1326 1312 1244 1670 1440 1503 1607 1522 1890 1535 1641 1145 1110 1114 1198 1398 1951 1191 1655 1113 1624 1758 1686 1503 1254 1095 1932 1804 1115 1790 1361 1838 1900 1506 1891 1650 1236 1746 1687 1498 1287 1837 1834 1260 1557 1262 1238 1230 1129 1692 1356 1534 1749 1515 1529 1377 1607 1034 1854 1389 1346 1330 1752 1722 1297 1901 1756 1246 1715 1942 1776 1059 1532 1823 1390 1797 1864 1320 1687 1496 1457 1638 1831 1718 1647 1788 1979 1804 1942 1897 1839 1067 1821 1317 1430 1492 1208 1099 BCNSPRNW ULIB Ver.6.0+V

เปลี่ยนเป็นภาษาไทย

Change to English
 แสดงรายละเอียดบรรณานุกรม
  กลับหน้าหลัก

Brief Record : Get Marc (ISO 2709) : E-mail record : QR code < ปิดหน้าต่าง
LEADER : 00000nam 2200000uu 4500
001    13399110013
003     ULIB
008    110420s2549||||th 000 0 tha d
020    9749470427
060 04 WG169^bต675ค 2549
100 0  เตชะพิทย์ แสงสิงแก้ว
245 10 คำให้การของคนถูกผ่าตัดหัวใจบายพาส /^cเตชะพิทย์ แสงสิงแก้ว,บรรณาธิการ, ใจรัตน์ สมบัติพิบูลย์
250    พิมพ์ครั้งที่ 9
260    กรุงเทพฯ :^bคลินิกสุขภาพ,^c2549
300    295 หน้า :^bภาพประกอบ ;^c21 ซม.
440  0 ชุดโรคภัยใกล้ตัว ;^vลำดับที่ 5
650  7 ศัลยกรรมทางเบี่ยงหลอดเลือดโคโรนารีย์
650  7 หลอดเลือดโคโรนารีย์^xศัลยกรรม
650  7 หัวใจ, ศัลยกรรม
700 0  ใจรัตน์ สมบัติพิบูลย์,^eบรรณาธิการ
945    ^p210^l0^i019658
995    ทศพร
999 ^a ใช้งานได้ทุกระบบ
รายการนี้ยังไม่มีแท็ก
คุณยังไม่ได้ล็อกอิน คุณสามารถมีกิจกรรมร่วมกับเว็บไซต์ได้ แต่ต้องล็อกอินก่อน ::
  ล็อกอิน

รายการสื่อสารสนเทศ

ลำดับที่ ประเภท เลขเรียก/บาร์โค้ด สถานที่ สถานะ
- ไม่พบข้อมูล -

รายการใกล้เคียง
    หัวเรื่อง [หัวใจ, ศัลยกรรม]

BibComment


ยังไม่เคยถูกคอมเมนท์

คอมเมนท์ทรัพยากรรายการนี้
  คอมเมนท์: คำให้การของคนถูกผ..


 Copyright 2026. Bcnsprnw @Library